Arctic coastal processes and slope protection design : a state of the practice report /

Bibliographic Details
Corporate Author: Technical Council on Cold Regions Engineering
Other Authors: Chen, Andrie T., Leidersdorf, Craig B.
Format: Book
Language:English
Published: New York, N.Y. : American Society of Civil Engineers, [1988]
Series:Technical Council on Cold Regions Engineering monograph.
Subjects:

MARC

Tag First Indicator Second Indicator Subfields
LEADER 00000cam a2200000 a 4500
001 in00000033453
005 20151007060629.0
008 880303s1988 nyua b 00100 eng
010 |a  88007064  
020 |a 0872626393 (pbk.) 
035 |a (OCoLC)17731878 
035 |9 AAC1319AM 
040 |a DLC  |c DLC  |d TXA  |d UtOrBLW 
043 |a r------ 
049 |a TXAM  |c [A11116641] 
050 0 0 |a TC325  |b .A73 1988 
082 0 |a 627/.58  |2 19 
245 0 0 |a Arctic coastal processes and slope protection design :  |b a state of the practice report /  |c prepared by the Technical Council on Cold Regions Engineering of the American Society of Civil Engineers ; edited by Andrie T. Chen and Craig B. Leidersdorf. 
264 1 |a New York, N.Y. :  |b American Society of Civil Engineers,  |c [1988] 
264 4 |c ©1988 
300 |a vii, 247 pages :  |b illustrations ;  |c 22 cm. 
336 |a text  |b txt  |2 rdacontent 
337 |a unmediated  |b n  |2 rdamedia 
338 |a volume  |b nc  |2 rdacarrier 
490 1 |a Technical Council on Cold Regions Engineering monograph 
504 |a Includes bibliographies and indexes. 
650 0 |a Shore protection  |z Arctic regions. 
650 0 |a Coast changes  |z Arctic regions. 
700 1 |a Chen, Andrie T. 
700 1 |a Leidersdorf, Craig B. 
710 2 |a Technical Council on Cold Regions Engineering. 
830 0 |a Technical Council on Cold Regions Engineering monograph. 
999 |a MARS 
999 f f |s 015865b1-9eec-3b9a-81cc-ae7bb0c792fe  |i 8af57b4f-b0c5-34b4-b44e-8b72d9846bbd  |t 0 
952 f f |p ric  |a Texas A&M University  |b Rellis Campus  |c Joint Library Facility  |d Remote Storage  |t 0  |e TC325 .A73 1988  |h Library of Congress classification  |i unmediated -- volume  |m A14811116641 
998 f f |a TC325 .A73 1988  |t 0  |l Remote Storage